00811nam a2200205 a 45000010005000000030005000050050017000100080041000270400020000682450207000882600053002953000011003486500031003596500035003907000029004257000026004549420013004809990015004939520097005085068CDMR20130502162239.0130130s1979||||||||||||||||||||||||||||d aCDMRbcatcCDMR03aLa prensa libre en la nueva democracia españolab: conferencias y coloquios del simposio internacional de Barcelona, 14, 15 y 16 de diciembre de 1978cJaume Miravitlles y Josep C. Vergés, directores aBarcelonac1979bLlibertat i Democràcia Social a204 p.0491582aLlibertat d'impremta0491574aLlibertat d'informació1 93303aMiravitlles, Jaume1 92529aVergés, Josep cMON2udc c5068d5068 00104070aCDMRbCDMRd2013-01-16l0oBcpBc849422201301161254r2013-01-16w2013-01-16yMON